| 000 | 00880nam a2200265Ia 4500 | ||
|---|---|---|---|
| 003 | OSt | ||
| 005 | 20220923211501.0 | ||
| 006 | a|||||r|||| 00| 0 | ||
| 007 | ta | ||
| 008 | Pun | ||
| 020 |
_a9789352043606 (hbk) _c295 |
||
| 024 | _a320,248 | ||
| 037 |
_b772, 27/02/2017, H.K. Prakashan _cTextual |
||
| 040 |
_aARTS _cARTS _bPun |
||
| 041 |
_2Pun _aPun |
||
| 082 | _aO111972,1:g, 153Q6 | ||
| 100 | _aਮੁਖਤਾਰ ਸਿੰਘ | ||
| 245 | 0 |
_aਲੀਲ੍ਹਾ _b ਵਿਚਾਰਧਾਰਾਈ ਪਰਿਪੇਖ |
|
| 260 |
_aਚੰਡੀਗੜ _b ਯੂਨੀਸਟਾਰ _c2016 |
||
| 300 |
_a152ਪ੍ਰ0 _ccm. |
||
| 650 | _a ਅੰਗ੍ਰੇਜੀ ਸਾਹਿਤ | ||
| 650 | _aਸ਼ਚਅਹ਼ਲਜ | ||
| 942 |
_hO111972,1:g, 153Q6 _cTEXL _2CC |
||
| 999 |
_c300001 _d300001 |
||